| 000 | 01027cam a22002651i 4500 | ||
|---|---|---|---|
| 003 | SA-RiAUC | ||
| 005 | 20250529060034.0 | ||
| 008 | 250527s1979 ua g f000 0 ara c | ||
| 040 |
_aLB-JoUSK _bara _cSA-RiAUC. _erda |
||
| 082 | 0 | 4 | _a229.7 |
| 090 |
_a229.7 _b ش ع ر |
||
| 100 | 1 |
_aالشعراوي، محمد متولي، _d1911-1998 _eمؤلف. |
|
| 245 | 1 | 0 |
_aمعجزة القرآن / _cمحمد متولي الشعراوي. |
| 264 | 1 |
_aالقاهرة : _bدار الكتب والوثائق القومية، _c1979 |
|
| 300 |
_a143 صفحة ؛ _c20 سم. |
||
| 336 |
_aنص _btxt _2rdacontent _3كتاب |
||
| 337 |
_aبدون وسيط _bn _2rdamedia |
||
| 338 |
_aمجلد _bnc _2rdacarrier |
||
| 490 | 1 | _aكتاب اليوم / دار الكتب والوثائق القومية | |
| 630 | 2 | 7 |
_aالقرآن _xإعجاز _2aucut |
| 730 | 2 | 2 | _aالقرآن |
| 830 | 0 | _aكتاب اليوم / دار الكتب والوثائق القومية | |
| 942 |
_2ddc _cBOOK _n0 |
||
| 949 |
_aSA-JeALM _d250527 _umohamedma123 _n1 |
||
| 999 |
_c8449 _d8449 |
||